000 00487nam a2200145Ia 4500
008 100204s9999 xx 000 0 und d
082 _b15701
100 _aचव्हाण बिमन
245 _aत्याचा दुसरा जन्म
260 _b"सरस प्रकाशन, ठाणे"
_c1991
300 _a136
630 _aत्याचा दुसरा जन्म
730 _aत्याचा दुसरा जन्म
942 _cBOOK
999 _c460124
_d460121